Spider-Man (2002): Characters by Picture - Statistics

General Stats
  • This quiz has been taken 56 times
  • The average score is 10 of 22
Answer Stats
Picture Answer % Correct
Green Goblin
100%
Spider-Man
100%
Mary Jane Watson
98%
May Parker
96%
Ben Parker
93%
Harry Osborn
89%
J. Jonah Jameson
83%
Stan Lee
78%
Flash Thompson
70%
Betty Brant
39%
Robbie Robertson
33%
Bone Saw McGraw
30%
Dr. Mendel Stromm
20%
Philip Watson
20%
Dennis Carradine
17%
Ted Hoffman
17%
General Slocum
13%
Bernard Houseman
11%
Henry Balkan
9%
Macy Gray
9%
Maximilian Fargas
9%
Simkins
7%
No matching quizzes found
Score Distribution
Percent of People with Each Score
Percentile by Number Answered
Your Score History
You have not taken this quiz